| 000 | 00564nam a22001697a 4500 | ||
|---|---|---|---|
| 999 |
_c7940 _d7940 |
||
| 005 | 20240926155156.0 | ||
| 008 | 240925b ||||| |||| 00| 0 eng d | ||
| 020 | _a9788419474582 | ||
| 040 |
_aCDMR _dCDMR |
||
| 100 | 1 |
_9340 _aAlsius, Salvador |
|
| 245 |
_aVeni, vidi, vixi _b: [Memòries d'infància i joventut (1948-1983)] / _cSalvador Alsius |
||
| 260 |
_aBarcelona : _bViena Edicions, _c2024 |
||
| 300 | _a313 pàgines | ||
| 490 |
_aMemòria _v; 25 |
||
| 586 | _aObra guanyadora del Premi Romà Planas i Miró de Memorials Populars 2023 | ||
| 942 |
_2udc _cMON |
||